| 000 | 01358nam a2200529Ia 4500 | ||
|---|---|---|---|
| 001 | 3151 | ||
| 005 | 20240113233615.0 | ||
| 007 | ta | ||
| 008 | 170907s1996 ii a g b000 u 465 u | ||
| 020 | _a0-07-462320-6 | ||
| 040 | _aCotton College,Assam | ||
| 041 | _aeng | ||
| 082 |
_a576 _bPe 362 Mi |
||
| 100 | _aPelczar, Michael J.. | ||
| 245 | 0 |
_aMicrobiology / _cMichael J. Pelczar, E.C.S. Chan & Noel R. Krieg. _hTextual Documents |
|
| 250 | _a5th ed. / | ||
| 260 |
_aNew Delhi : _bTata Mcgraw-Hill Publishing Company Ltd , _c1996. |
||
| 300 |
_a918p. : _bill ; _c24 cm. . |
||
| 500 | _aIssued to the Dept Biotechnology Acc No 91937 | ||
| 504 | _aIndex. | ||
| 653 | _aBotany | ||
| 653 | _aMicrobiology | ||
| 653 | _aBotany-Microbiology | ||
| 653 | _aDeptt-Biotechnology | ||
| 653 | _aT/G-Botany | ||
| 653 | _aG-Botany | ||
| 700 | _aChan, E.C.S. . | ||
| 700 | _aKrieg, Noel R. . | ||
| 700 | _aPelczar, Merna Foss . | ||
| 700 | _aChan, E. C. S . | ||
| 700 | _aKrieg, Noel R. . | ||
| 942 |
_2ddc _cBK |
||
| 999 |
_c3139 _d3139 |
||